U.S. State Flag Tile Select #1 - Statistics

General Stats
  • This quiz has been taken 7 times
  • The average score is 91 of 125
Answer Stats
Question Tile Select % Correct
Flags that belong to a state east of the Mississippi River. No
100%
Flags that belong to a state east of the Mississippi River. No
100%
Flags that belong to a state east of the Mississippi River. No
100%
Flags of a state with a population over 10 million. No
100%
Flags of a state with a population over 10 million. Yes
100%
Flags of a state with a population over 10 million. No
100%
Flags of a state with a population over 10 million. No
100%
Flags of a state with a population over 10 million. No
100%
Flags of a state with a population over 10 million. No
100%
Flags of a state with a population over 10 million. No
100%
Flags of a state with their capital beginning with the letters A-M. No
100%
Flags of state's that share a border with either Canada or Mexico. No
100%
Flags of state's that share a border with either Canada or Mexico. No
100%
Flags of state's that share a border with either Canada or Mexico. No
100%
Flags of state's that share a border with either Canada or Mexico. No
100%
Flags of state's that share a border with either Canada or Mexico. No
100%
Flags of state's that share a border with either Canada or Mexico. No
100%
Flags of state's that share a border with either Canada or Mexico. No
100%
Flags of state's that share a border with either Canada or Mexico. No
100%
Flags that belong to a state east of the Mississippi River. No
86%
Flags that belong to a state east of the Mississippi River. No
86%
Flags that belong to a state east of the Mississippi River. No
86%
Flags that belong to a state east of the Mississippi River. No
86%
Flags that belong to a state east of the Mississippi River. No
86%
Flags that belong to a state east of the Mississippi River. No
86%
Flags that belong to a state east of the Mississippi River. No
86%
Flags that belong to a state east of the Mississippi River. Yes
86%
Flags of a state that voted for Donald Trump in the 2020 election. No
86%
Flags of a state that voted for Donald Trump in the 2020 election. No
86%
Flags of a state that voted for Donald Trump in the 2020 election. No
86%
Flags of a state with a population over 10 million. Yes
86%
Flags of a state with a population over 10 million. No
86%
Flags of a state with a population over 10 million. No
86%
Flags of a state with a population over 10 million. No
86%
Flags of a state with a population over 10 million. No
86%
Flags of a state with a population over 10 million. No
86%
Flags of a state with a population over 10 million. No
86%
Flags of a state with a population over 10 million. No
86%
Flags of a state with a population over 10 million. No
86%
Flags of a state with a population over 10 million. No
86%
Flags of a state with a population over 10 million. No
86%
Flags of a state with a population over 10 million. No
86%
Flags of a state with their capital beginning with the letters A-M. Yes
86%
Flags of a state with their capital beginning with the letters A-M. Yes
86%
Flags of a state with their capital beginning with the letters A-M. Yes
86%
Flags of a state with their capital beginning with the letters A-M. Yes
86%
Flags of a state with their capital beginning with the letters A-M. No
86%
Flags of a state with their capital beginning with the letters A-M. No
86%
Flags of state's that share a border with either Canada or Mexico. Yes
86%
Flags of state's that share a border with either Canada or Mexico. Yes
86%
Flags of state's that share a border with either Canada or Mexico. No
86%
Flags of state's that share a border with either Canada or Mexico. No
86%
Flags of state's that share a border with either Canada or Mexico. No
86%
Flags of state's that share a border with either Canada or Mexico. No
86%
Flags that belong to a state east of the Mississippi River. Yes
71%
Flags that belong to a state east of the Mississippi River. Yes
71%
Flags that belong to a state east of the Mississippi River. Yes
71%
Flags that belong to a state east of the Mississippi River. Yes
71%
Flags that belong to a state east of the Mississippi River. Yes
71%
Flags that belong to a state east of the Mississippi River. Yes
71%
Flags that belong to a state east of the Mississippi River. Yes
71%
Flags that belong to a state east of the Mississippi River. Yes
71%
Flags of a state that voted for Donald Trump in the 2020 election. Yes
71%
Flags of a state that voted for Donald Trump in the 2020 election. No
71%
Flags of a state that voted for Donald Trump in the 2020 election. Yes
71%
Flags of a state that voted for Donald Trump in the 2020 election. No
71%
Flags of a state that voted for Donald Trump in the 2020 election. No
71%
Flags of a state that voted for Donald Trump in the 2020 election. Yes
71%
Flags of a state that voted for Donald Trump in the 2020 election. Yes
71%
Flags of a state that voted for Donald Trump in the 2020 election. No
71%
Flags of a state that voted for Donald Trump in the 2020 election. No
71%
Flags of a state with a population over 10 million. No
71%
Flags of a state with a population over 10 million. Yes
71%
Flags of a state with their capital beginning with the letters A-M. No
71%
Flags of a state with their capital beginning with the letters A-M. Yes
71%
Flags of a state with their capital beginning with the letters A-M. No
71%
Flags of a state with their capital beginning with the letters A-M. Yes
71%
Flags of a state with their capital beginning with the letters A-M. Yes
71%
Flags of a state with their capital beginning with the letters A-M. Yes
71%
Flags of a state with their capital beginning with the letters A-M. Yes
71%
Flags of a state with their capital beginning with the letters A-M. Yes
71%
Flags of a state with their capital beginning with the letters A-M. Yes
71%
Flags of state's that share a border with either Canada or Mexico. Yes
71%
Flags of state's that share a border with either Canada or Mexico. No
71%
Flags of state's that share a border with either Canada or Mexico. No
71%
Flags of state's that share a border with either Canada or Mexico. No
71%
Flags of state's that share a border with either Canada or Mexico. No
71%
Flags of state's that share a border with either Canada or Mexico. No
71%
Flags that belong to a state east of the Mississippi River. Yes
57%
Flags that belong to a state east of the Mississippi River. Yes
57%
Flags that belong to a state east of the Mississippi River. Yes
57%
Flags that belong to a state east of the Mississippi River. Yes
57%
Flags that belong to a state east of the Mississippi River. Yes
57%
Flags of a state that voted for Donald Trump in the 2020 election. No
57%
Flags of a state that voted for Donald Trump in the 2020 election. Yes
57%
Flags of a state that voted for Donald Trump in the 2020 election. No
57%
Flags of a state that voted for Donald Trump in the 2020 election. Yes
57%
Flags of a state that voted for Donald Trump in the 2020 election. No
57%
Flags of a state that voted for Donald Trump in the 2020 election. Yes
57%
Flags of a state that voted for Donald Trump in the 2020 election. Yes
57%
Flags of a state that voted for Donald Trump in the 2020 election. Yes
57%
Flags of a state with a population over 10 million. Yes
57%
Flags of a state with a population over 10 million. Yes
57%
Flags of a state with their capital beginning with the letters A-M. Yes
57%
Flags of a state with their capital beginning with the letters A-M. No
57%
Flags of a state with their capital beginning with the letters A-M. Yes
57%
Flags of a state with their capital beginning with the letters A-M. Yes
57%
Flags of state's that share a border with either Canada or Mexico. Yes
57%
Flags of state's that share a border with either Canada or Mexico. Yes
57%
Flags of state's that share a border with either Canada or Mexico. No
57%
Flags of state's that share a border with either Canada or Mexico. No
57%
Flags of a state that voted for Donald Trump in the 2020 election. Yes
43%
Flags of a state that voted for Donald Trump in the 2020 election. Yes
43%
Flags of a state that voted for Donald Trump in the 2020 election. No
43%
Flags of a state with a population over 10 million. Yes
43%
Flags of a state with a population over 10 million. Yes
43%
Flags of a state with their capital beginning with the letters A-M. No
43%
Flags of a state with their capital beginning with the letters A-M. Yes
43%
Flags of a state that voted for Donald Trump in the 2020 election. Yes
29%
Flags of a state that voted for Donald Trump in the 2020 election. Yes
29%
Flags of a state with their capital beginning with the letters A-M. Yes
29%
Flags of a state with their capital beginning with the letters A-M. Yes
29%
Flags of a state with their capital beginning with the letters A-M. Yes
29%
Flags of state's that share a border with either Canada or Mexico. Yes
29%
Flags that belong to a state east of the Mississippi River. Yes
14%
No matching quizzes found
Score Distribution
Percent of People with Each Score
Percentile by Number Answered
Your Score History
You have not taken this quiz